MARC

LEADER 00000nam0a2200000 4500
001 190282
005 20231101224256.0
010 |a 9785918720059 
035 |a (RuTPU)RU\TPU\book\207255 
090 |a 190282 
100 |a 20110119d2011 m y0rusy50 ca 
101 0 |a rus 
102 |a RU 
105 |a a j 001zy 
200 1 |a Общая геология  |e учебник  |f Г. П. Горшков, А. Ф. Якушова 
205 |a 4-е изд., стер. 
210 |a Москва  |c Альянс  |d 2011 
215 |a 592 c.  |c ил. 
320 |a Библиография в конце глав. 
320 |a Предметный указатель: с. 581-589. 
451 1 |0 (RuTPU)RU\TPU\book\35725  |t Общая геология  |o учебное пособие  |f Г. П. Горшков, А. Ф. Якушова  |e 3-е изд.  |c М.  |n Изд-во МГУ  |d 1973  |p 592 с.  |a Горшков, Георгий Петрович 
606 1 |a Геология  |2 stltpush  |3 (RuTPU)RU\TPU\subj\6095  |9 34054 
610 1 |a земля 
610 1 |a фигура 
610 1 |a размеры 
610 1 |a возраст 
610 1 |a внешняя динамика 
610 1 |a экзодинамика 
610 1 |a атмосфера 
610 1 |a выветривание 
610 1 |a ветер 
610 1 |a геологическая деятельность 
610 1 |a поверхностные текучие воды 
610 1 |a подземные воды 
610 1 |a ледники 
610 1 |a литосфера 
610 1 |a мерзлая зона 
610 1 |a геологические процессы 
610 1 |a озера 
610 1 |a болота 
610 1 |a фации 
610 1 |a осадочные горные породы 
610 1 |a внутренняя динамика 
610 1 |a эндодинамика 
610 1 |a тектонические нарушения 
610 1 |a неотектоника 
610 1 |a магматизм 
610 1 |a метаморфизм 
610 1 |a земная кора 
610 1 |a учебники 
675 |a 55(075.8)  |v 3 
700 1 |a Горшков  |b Г. П.  |g Георгий Петрович 
701 1 |a Якушова  |b А. Ф.  |g Александра Федоровна 
801 1 |a RU  |b 63413507  |c 20110119 
801 2 |a RU  |b 63413507  |c 20220831  |g RCR 
900 |a Геология 
942 |c BK 
952 |b 020700  |b 130000 
959 |a 8/20110119  |d 250  |e 0  |f УФ:249  |f ЧЗТЛ:1